| 000 | 00713nam a2200193Ia 4500 | ||
|---|---|---|---|
| 003 | GCL | ||
| 008 | 140319s9999 xx 000 0 ara d | ||
| 040 |
_aGCL / _cGCL |
||
| 082 | 0 | 4 |
_a962.65 _bس م |
| 100 | 1 | _aسيد حامد النساج | |
| 245 | 1 | 0 |
_aمصر وظاهرة الثورة: دراسة فى تاريخ الثورات المصرية / _cسيد حامد النساج |
| 300 | _a406 ص | ||
| 490 |
_aالهيئة العامة للاستعلامات _v0 |
||
| 650 | 0 | 4 | _aمصر |
| 650 | 0 | 4 | _aمصر - تاريخ - العصر الحديث - ثورة 1919 |
| 650 | 0 | 4 | _aمصر - تاريخ - العصر الحديث (1805 - 1956 ) |
| 650 | 0 | 4 | _aمصر - تاريخ - الثورات |
| 942 |
_2ddc _cBK |
||
| 999 |
_c50487 _d50487 |
||